| 000 | 02703nam0a2200385 i 4500 | ||
|---|---|---|---|
| 001 | RU\NLR\BIBL_A\011331633 | ||
| 005 | 20260405123320.0 | ||
| 010 |
_a9785904977801 _9200 |
||
| 021 |
_aRU _b2017-4367 _9304 |
||
| 035 | _a(NILC)LIBNET\0000746421 | ||
| 035 | _a(NLR Aleph) 011331633 | ||
| 090 |
_a11137625 _c11137625 |
||
| 100 | _a20170220d2016 k y0rusy50 ca | ||
| 101 | 0 | _arus | |
| 102 | _aRU | ||
| 105 | _ay z 100zy | ||
| 200 | 1 |
_aМуниципальная библиотека как хранитель памяти и истории родного края _eматериалы межрегиональной (с международным участием) научно-практической интернет-конференции, 4-5 октября 2016 _f[составитель: Е. В. Семенихина _gредакторы: О. О. Борисова, И. А. Гладкова] |
|
| 210 |
_aОрел _cООО "Горизонт" _d2016 |
||
| 215 |
_a149 с. _d20 |
||
| 300 | _aВ надзаг.: Упр. культуры администрации г. Орла, Муницип. каз. учреждение культуры "Централизованная библиотечная система города Орла", Федер. гос. бюджет. образоват. учреждение высш. образования "Орловский гос. ин-т культуры" | ||
| 320 | _aБиблиогр. в тексте и в конце ст. | ||
| 606 | 1 |
_aМуниципальные библиотеки _jСъезды, совещания и т.п. _yРоссийская Федерация _92196671 _3RU\NLR\AUTH\661320190 |
|
| 606 |
_aБиблиотечное краеведение _jСъезды, совещания и т.п. _92084941 _3RU\NLR\AUTH\661261041 |
||
| 686 | 1 | _aЧ735.113.478.9я431 | |
| 686 | 1 | _aЧ734(2Р)711.3я431 | |
| 702 | 1 |
_aСеменихина _bЕ. В. _4220 |
|
| 702 | 1 |
_4340 _8rus _7ca _aБорисова _bО. О. _cд-р пед. наук _f1957- _gОльга Олеговна _3RU\NLR\AUTH\7749010 _931945 |
|
| 711 | 1 | 2 |
_a"Муниципальная библиотека как хранитель памяти и истории родного края", межрегиональная (с международным участием) научно-практическая Интернет-конференция _eОрел _f2016 _9550177 _3RU\NLR\AUTH\880443108 |
| 801 | 0 |
_aRU _bОрловская ОПБ _c20170215 _grcr |
|
| 942 | _cBOOK | ||
| 980 | _aNBR | ||